| 000 | 00593nam a2200193 i 4500 | ||
|---|---|---|---|
| 001 | 167575 | ||
| 003 | ES-MaACL | ||
| 005 | 20230906213544.0 | ||
| 008 | 170821s1968 sp |||| | spa d | ||
| 080 | _a821.134.2(83)-14"19" | ||
| 100 | 1 |
_aBecker, Angélika. _9163524 |
|
| 245 | 1 | 0 |
_aDefiniciones / _cAngélica Becker. |
| 260 |
_aMadrid : _bCultura Hispánica, _c1968. |
||
| 300 |
_a98 p. ; _c20 cm. |
||
| 490 | 1 |
_aColección poética "Leopoldo Panero" ; _v7 |
|
| 830 | 1 |
_aColección poética "Leopoldo Panero" ; _v7 _9182594 |
|
| 852 |
_aES-MaACL _jP-2 Nº 7 |
||
| 999 |
_c167575 _d167575 |
||